00341nam a2200133Ia 4500003000400000008004100004040001600045082001700061245005300078260003500131300001000166650001200176650001900188GCL140319s9999 xx 000 0 eng d aGCL / cGCL04a664.028bH A10aASEPTICS PROCESSING AND PACKING OF FOOD PRODUCTS a[S.N] : bABT AKVERT SKIRA S.A a428 P04aASEPTIC04aFOOD PACKAGING